[Event "Gibtelecom Festival 2010 - Challengers"]
[Site "Gibraltar ENG"]
[Date "2010.01.30"]
[Round "5.6"]
[White "Havik, Victor"]
[Black "Straub, Peter"]
[Result "1-0"]
[WhiteElo "2093"]
[BlackElo "2116"]
[PlyCount "61"]
[EventDate "2010.01.26"]
[EventType "swiss"]
[EventRounds "5"]
[EventCountry "ENG"]
[Source "lmi"]
[SourceDate "2010.01.26"]

1. d4 Nf6 2. c4 g6 3. Nc3 d5 4. cxd5 Nxd5 5. e4 Nxc3 6. bxc3 Bg7 7. Nf3 c5 8.
Be3 O-O 9. Rb1 Qc7 10. Qd2 Nd7 11. Bd3 b6 12. h4 Bb7 13. h5 Nf6 14. Bf4 Qc8 15.
hxg6 fxg6 16. Ng5 c4 17. Bc2 h6 18. Nf3 g5 19. Bxg5 hxg5 20. Nxg5 Qg4 21. f3
Qg3+ 22. Kd1 e5 23. Rh3 Qf4 24. Qxf4 exf4 25. e5 Rfe8 26. exf6 Bxf6 27. Ne4 Be7
28. Rb5 Rf8 29. Re5 Rae8 30. Ba4 Bc8 31. Rh1 1-0

[Event "Gibtelecom Festival 2010 - Challengers"]
[Site "Gibraltar ENG"]
[Date "2010.01.30"]
[Round "5.7"]
[White "Flermoen, Peter"]
[Black "Tari, Aryan"]
[Result "1/2-1/2"]
[WhiteElo "2108"]
[BlackElo "1932"]
[PlyCount "59"]
[EventDate "2010.01.26"]
[EventType "swiss"]
[EventRounds "5"]
[EventCountry "ENG"]
[Source "lmi"]
[SourceDate "2010.01.26"]

1. e4 c5 2. Nf3 d6 3. d4 cxd4 4. Nxd4 Nf6 5. Nc3 a6 6. Be3 e5 7. Nb3 Be6 8. f3
Be7 9. Qd2 d5 10. exd5 Nxd5 11. Nxd5 Bxd5 12. O-O-O Bxb3 13. axb3 Nd7 14. Bc4
Nf6 15. Rhe1 b5 16. Bd5 Nxd5 17. Qxd5 Qxd5 18. Rxd5 f6 19. f4 Rd8 20. Rxd8+
Kxd8 21. fxe5 fxe5 22. Bb6+ Kd7 23. Rxe5 Bd6 24. Rh5 g6 25. Rh4 Kc6 26. Bd4 Rd8
27. c3 h5 28. g4 hxg4 29. Rxg4 Bxh2 30. Rxg6+ 1/2-1/2

[Event "Gibtelecom Festival 2010 - Challengers"]
[Site "Gibraltar ENG"]
[Date "2010.01.30"]
[Round "5.8"]
[White "Dasaolu, Adeoye"]
[Black "Demac, Elias"]
[Result "1/2-1/2"]
[WhiteElo "2068"]
[BlackElo "2104"]
[PlyCount "90"]
[EventDate "2010.01.26"]
[EventType "swiss"]
[EventRounds "5"]
[EventCountry "ENG"]
[Source "lmi"]
[SourceDate "2010.01.26"]

1. e4 c5 2. Nf3 Nc6 3. c3 d5 4. e5 Bg4 5. Bb5 Qc7 6. d4 e6 7. Be3 Nge7 8. Nbd2
a6 9. Bd3 Nf5 10. h3 Bxf3 11. Nxf3 Nxe3 12. fxe3 f5 13. O-O Be7 14. Qe2 c4 15.
Bc2 O-O 16. Kh1 b5 17. g4 g6 18. gxf5 gxf5 19. Rg1+ Kh8 20. Ng5 Bxg5 21. Rxg5
Qf7 22. Rag1 Rg8 23. R1g3 Rxg5 24. Rxg5 Rg8 25. Qg2 Rxg5 26. Qxg5 Qg6 27. Qh4
h6 28. Kh2 Qg5 29. Qf4 Kh7 30. Bd1 Ne7 31. h4 Qg6 32. b3 cxb3 33. axb3 Qe8 34.
h5 Qg8 35. Be2 Qc8 36. Qh4 Ng8 37. Qg3 Qxc3 38. Kg2 Kh8 39. Kf2 Qc8 40. Qg6 Qd7
41. b4 Qe7 42. Bf3 Qh4+ 43. Ke2 Qe7 44. Kf2 Qh4+ 45. Ke2 Qe7 1/2-1/2

[Event "Gibtelecom Festival 2010 - Challengers"]
[Site "Gibraltar ENG"]
[Date "2010.01.30"]
[Round "5.9"]
[White "Vinas Guerrero, Carlos A"]
[Black "Kawuma, Steven Male"]
[Result "1/2-1/2"]
[WhiteElo "2120"]
[BlackElo "2187"]
[PlyCount "71"]
[EventDate "2010.01.26"]
[EventType "swiss"]
[EventRounds "5"]
[EventCountry "ENG"]
[Source "lmi"]
[SourceDate "2010.01.26"]

1. e4 c5 2. Nf3 Nc6 3. c3 d5 4. exd5 Qxd5 5. d4 Bg4 6. Be2 e6 7. h3 Bh5 8. O-O
Nf6 9. Be3 cxd4 10. Nxd4 Bxe2 11. Qxe2 Nxd4 12. Bxd4 Be7 13. Rd1 Qc6 14. c4 O-O
15. Nc3 h6 16. b3 a6 17. Rac1 Rad8 18. Rc2 Rfe8 19. Bxf6 Bxf6 20. Rxd8 Rxd8 21.
Rd2 Re8 22. Ne4 Be5 23. Qd3 Kf8 24. b4 Bf4 25. Rd1 Rc8 26. g3 Bb8 27. Nc5 Kg8
28. Qd7 Ba7 29. Qxc6 Rxc6 30. Rd8+ Kh7 31. Rd7 Bxc5 32. bxc5 Rxc5 33. Rxf7 Rxc4
34. Rxb7 Ra4 35. Re7 Re4 36. Ra7 1/2-1/2

[Event "Gibtelecom Festival 2010 - Challengers"]
[Site "Gibraltar ENG"]
[Date "2010.01.30"]
[Round "5.10"]
[White "Urbina Perez, Juan Antonio"]
[Black "Cafolla, Peter"]
[Result "1-0"]
[WhiteElo "2197"]
[BlackElo "2042"]
[PlyCount "59"]
[EventDate "2010.01.26"]
[EventType "swiss"]
[EventRounds "5"]
[EventCountry "ENG"]
[Source "lmi"]
[SourceDate "2010.01.26"]

1. e4 c5 2. Nf3 Nc6 3. Bb5 e6 4. O-O Nge7 5. c3 a6 6. Ba4 Ng6 7. d4 f6 8. d5
exd5 9. exd5 Nce5 10. Nxe5 fxe5 11. f4 b5 12. Bc2 Qh4 13. g3 Qh3 14. fxe5 d6
15. e6 Ne7 16. Be4 g6 17. Bf4 Bb7 18. Bg2 Qh5 19. g4 Qh4 20. Bxd6 Nf5 21. Bxf8
Ne3 22. Qf3 O-O-O 23. Qxe3 Rdxf8 24. Nd2 Qxg4 25. e7 Re8 26. Qe5 h5 27. Qxh8
Rxh8 28. Rf8+ Kc7 29. e8=Q Rxf8 30. Qxf8 1-0

[Event "Gibtelecom Festival 2010 - Challengers"]
[Site "Gibraltar ENG"]
[Date "2010.01.30"]
[Round "5.11"]
[White "Kvisla, Johannes Luangtep"]
[Black "Odeh, Kenneth"]
[Result "1-0"]
[WhiteElo "2161"]
[BlackElo "2012"]
[PlyCount "87"]
[EventDate "2010.01.26"]
[EventType "swiss"]
[EventRounds "5"]
[EventCountry "ENG"]
[Source "lmi"]
[SourceDate "2010.01.26"]

1. Nf3 Nf6 2. c4 g6 3. b4 Bg7 4. Bb2 d6 5. g3 O-O 6. Bg2 e5 7. d3 c6 8. O-O Bd7
9. Nc3 Qc8 10. c5 dxc5 11. bxc5 Re8 12. Ng5 Na6 13. Nce4 Nxe4 14. Nxe4 Re7 15.
Qc2 Rb8 16. f4 Bh3 17. fxe5 Bxg2 18. Kxg2 Bxe5 19. Bxe5 Rxe5 20. Qc3 Qe6 21.
Rf6 Qe7 22. Raf1 Rf8 23. R6f2 f5 24. Nd6 Rxc5 25. Qb3+ Kg7 26. Qb2+ Kg8 27.
Qb3+ Kg7 28. Qxb7 Qxb7 29. Nxb7 Rb5 30. Nd6 Rb2 31. a3 Rd8 32. Nc4 Rb7 33. Ne5
c5 34. g4 Re8 35. Nc4 Rd7 36. gxf5 gxf5 37. e3 Rf8 38. Ne5 Rd5 39. Rxf5 Rxf5
40. Rxf5 c4 41. dxc4 Rd2+ 42. Rf2 Rd1 43. Rf7+ Kh6 44. Rf6+ 1-0

[Event "Gibtelecom Festival 2010 - Challengers"]
[Site "Gibraltar ENG"]
[Date "2010.01.30"]
[Round "5.12"]
[White "Allor, Chukwuka"]
[Black "Zanetti, Bruno"]
[Result "1-0"]
[WhiteElo "2100"]
[BlackElo "1978"]
[PlyCount "61"]
[EventDate "2010.01.26"]
[EventType "swiss"]
[EventRounds "5"]
[EventCountry "ENG"]
[Source "lmi"]
[SourceDate "2010.01.26"]

1. e4 c5 2. Nf3 Nc6 3. Bb5 e5 4. O-O d6 5. c3 Be7 6. d4 cxd4 7. cxd4 exd4 8.
Nxd4 Bd7 9. Nc3 Nf6 10. b3 O-O 11. Nc2 a6 12. Bc4 Ne5 13. Bd5 Rc8 14. Bb2 Bc6
15. Ne3 Bxd5 16. Nexd5 Nxd5 17. Nxd5 Rc6 18. Qe2 Qd7 19. f4 Ng6 20. f5 Ne5 21.
f6 gxf6 22. Qh5 Rc5 23. Rf4 Ng6 24. Rf5 Rfc8 25. Raf1 Qe6 26. Qh6 Bf8 27. Qh3
Bg7 28. Nxf6+ Bxf6 29. Bxf6 Qe8 30. e5 Qf8 31. Rh5 1-0

[Event "Gibtelecom Festival 2010 - Challengers"]
[Site "Gibraltar ENG"]
[Date "2010.01.30"]
[Round "5.13"]
[White "Horrocks, Stephen J"]
[Black "Wallgren, Ulf"]
[Result "1/2-1/2"]
[WhiteElo "1992"]
[BlackElo "2100"]
[PlyCount "57"]
[EventDate "2010.01.26"]
[EventType "swiss"]
[EventRounds "5"]
[EventCountry "ENG"]
[Source "lmi"]
[SourceDate "2010.01.26"]

1. d4 e6 2. Nf3 f5 3. Bg5 Nf6 4. e3 d5 5. Ne5 Bd6 6. Bd3 Nbd7 7. f4 c5 8. c3
O-O 9. Nd2 Qe8 10. O-O Ne4 11. Bxe4 fxe4 12. Qg4 Nf6 13. Qh4 Bd7 14. Bxf6 Rxf6
15. Nxd7 Qxd7 16. Qf2 Qb5 17. Rab1 Raf8 18. g3 g5 19. Rfe1 gxf4 20. gxf4 Qe8
21. Kh1 Qh5 22. Qe2 Qxe2 23. Rxe2 cxd4 24. cxd4 Rc8 25. Rg2+ Rg6 26. Rbg1 Kf7
27. Nf1 Rxg2 28. Rxg2 Rc1 29. Kg1 1/2-1/2

[Event "Gibtelecom Festival 2010 - Challengers"]
[Site "Gibraltar ENG"]
[Date "2010.01.30"]
[Round "5.14"]
[White "Lumsdon, Andrew"]
[Black "Staples, Daniel J"]
[Result "1-0"]
[WhiteElo "2090"]
[BlackElo "1896"]
[PlyCount "67"]
[EventDate "2010.01.26"]
[EventType "swiss"]
[EventRounds "5"]
[EventCountry "ENG"]
[Source "lmi"]
[SourceDate "2010.01.26"]

1. d4 d6 2. Nf3 Nd7 3. e3 e5 4. dxe5 dxe5 5. b3 Bb4+ 6. c3 Bd6 7. Bb2 Ngf6 8.
Nbd2 Nb6 9. Qc2 Qe7 10. h3 h6 11. a4 a5 12. Bc4 Be6 13. Bxe6 Qxe6 14. c4 Nbd7
15. O-O O-O 16. Rfd1 Nc5 17. Nf1 Nfe4 18. N3d2 Nxd2 19. Nxd2 f5 20. e4 f4 21.
Nf3 Ra6 22. Rd5 c6 23. Rd2 b6 24. Rad1 Nb7 25. c5 bxc5 26. Rxd6 Nxd6 27. Qd3
Nxe4 28. Qxa6 Qxb3 29. Qd3 Qxb2 30. Qxe4 Re8 31. Qxc6 Qb8 32. Rd7 Qb1+ 33. Kh2
Qg6 34. Qxg6 1-0

[Event "Gibtelecom Festival 2010 - Challengers"]
[Site "Gibraltar ENG"]
[Date "2010.01.30"]
[Round "5.15"]
[White "Avalos Parra, Joao"]
[Black "Mascarenhas, Alberto Pinheiro"]
[Result "1/2-1/2"]
[WhiteElo "2245"]
[BlackElo "2238"]
[PlyCount "37"]
[EventDate "2010.01.26"]
[EventType "swiss"]
[EventRounds "5"]
[EventCountry "ENG"]
[Source "lmi"]
[SourceDate "2010.01.26"]

1. d4 Nf6 2. Bg5 c5 3. Bxf6 gxf6 4. d5 Qb6 5. Qc1 Bh6 6. e3 f5 7. Nd2 Qf6 8.
Ngf3 e5 9. g3 O-O 10. c3 Na6 11. Qc2 d6 12. Bh3 Nc7 13. Nh4 e4 14. O-O-O b5 15.
Ng2 Re8 16. Nf4 Bb7 17. Nh5 Qg6 18. Nf4 Qf6 19. Nh5 1/2-1/2

[Event "Gibtelecom Festival 2010 - Challengers"]
[Site "Gibraltar ENG"]
[Date "2010.01.30"]
[Round "5.16"]
[White "Molina, Antonio"]
[Black "Rioseco Pinochet, Fernan"]
[Result "0-1"]
[WhiteElo "2148"]
[BlackElo "2226"]
[PlyCount "56"]
[EventDate "2010.01.26"]
[EventType "swiss"]
[EventRounds "5"]
[EventCountry "ENG"]
[Source "lmi"]
[SourceDate "2010.01.26"]

1. d4 Nf6 2. c4 c5 3. d5 e5 4. Nc3 d6 5. e4 Be7 6. Nf3 Nbd7 7. Be2 h5 8. Be3 h4
9. Ng5 g6 10. Qd2 Nh5 11. g3 Ndf6 12. f3 O-O 13. gxh4 a6 14. Rg1 Re8 15. f4
exf4 16. Bxf4 Bf8 17. Be3 Bg7 18. Bf3 Bd7 19. Qf2 Qe7 20. Ne2 b5 21. cxb5 axb5
22. Ng3 Nxg3 23. Qxg3 Nxd5 24. exd5 Qxe3+ 25. Kf1 Be5 26. Qg2 b4 27. Re1 Bb5+
28. Be2 Bd4 0-1

[Event "Gibtelecom Festival 2010 - Challengers"]
[Site "Gibraltar ENG"]
[Date "2010.01.30"]
[Round "5.17"]
[White "Thingstad, Even"]
[Black "Lyell, Mark"]
[Result "1-0"]
[WhiteElo "2141"]
[BlackElo "2224"]
[PlyCount "57"]
[EventDate "2010.01.26"]
[EventType "swiss"]
[EventRounds "5"]
[EventCountry "ENG"]
[Source "lmi"]
[SourceDate "2010.01.26"]

1. d4 d5 2. c4 e5 3. dxe5 d4 4. Nf3 Nc6 5. a3 Nge7 6. b4 Ng6 7. Bb2 a5 8. b5
Ncxe5 9. Nxe5 Nxe5 10. e3 Be6 11. Bxd4 Nxc4 12. Qc2 Nd6 13. Bd3 Qg5 14. f4 Qh4+
15. g3 Qh5 16. Nc3 Rd8 17. O-O Nf5 18. Bxf5 Bxf5 19. e4 Bh3 20. Nd5 Rxd5 21.
exd5 Bxf1 22. Qxc7 Be7 23. d6 Bd8 24. Re1+ Be2 25. d7+ Ke7 26. Bc5+ Ke6 27.
Qd6+ Kf5 28. Qe5+ Kg6 29. Qxh5+ 1-0

[Event "Gibtelecom Festival 2010 - Challengers"]
[Site "Gibraltar ENG"]
[Date "2010.01.30"]
[Round "5.18"]
[White "Jacobsen, Fredrik Beer"]
[Black "Kandic, Milan"]
[Result "1-0"]
[WhiteElo "1952"]
[BlackElo "2216"]
[PlyCount "55"]
[EventDate "2010.01.26"]
[EventType "swiss"]
[EventRounds "5"]
[EventCountry "ENG"]
[Source "lmi"]
[SourceDate "2010.01.26"]

1. e4 c5 2. Nc3 a6 3. a4 Nc6 4. f4 g6 5. Nf3 Bg7 6. Bc4 e6 7. d3 Nge7 8. O-O d5
9. Bb3 d4 10. Ne2 O-O 11. Ng3 Rb8 12. f5 exf5 13. exf5 Nxf5 14. Nxf5 Bxf5 15.
Ng5 Na5 16. Bxf7+ Rxf7 17. Nxf7 Kxf7 18. g4 Kg8 19. gxf5 gxf5 20. Rxf5 Kh8 21.
Qf3 c4 22. Bg5 Qb6 23. Bf6 Bxf6 24. Rxf6 Rg8+ 25. Kh1 Qxb2 26. Rf1 Qa3 27. Qh5
cxd3 28. Rf7 1-0

[Event "Gibtelecom Festival 2010 - Challengers"]
[Site "Gibraltar ENG"]
[Date "2010.01.30"]
[Round "5.19"]
[White "Mikalsen, Erlend"]
[Black "Tscharotschkin, Michael"]
[Result "0-1"]
[WhiteElo "1973"]
[BlackElo "2211"]
[PlyCount "74"]
[EventDate "2010.01.26"]
[EventType "swiss"]
[EventRounds "5"]
[EventCountry "ENG"]
[Source "lmi"]
[SourceDate "2010.01.26"]

1. e4 e6 2. d4 d5 3. Nc3 Bb4 4. e5 c5 5. a3 Ba5 6. b4 cxd4 7. Nb5 Bc7 8. f4 Ne7
9. Qxd4 a6 10. Nxc7+ Qxc7 11. Qd1 Bd7 12. Nf3 Ba4 13. Bd3 Nd7 14. Bd2 Rc8 15.
Rc1 Nb6 16. Ng5 g6 17. Qe2 Nc4 18. O-O Nxd2 19. Qxd2 Qc3 20. Qf2 Nc6 21. Qh4
Qd4+ 22. Kh1 Nxe5 23. Nxe6 fxe6 24. Qf6 Nc6 25. Qxe6+ Ne7 26. Rce1 Rc7 27. f5
gxf5 28. Rxf5 Kd8 29. Rf7 Re8 30. Qd6+ Rd7 31. Qb8+ Nc8 32. Rxe8+ Kxe8 33. Rf1
Qc3 34. Rf3 Qc7 35. Qa8 Bxc2 36. Re3+ Kd8 37. Be2 Be4 0-1

[Event "Gibtelecom Festival 2010 - Challengers"]
[Site "Gibraltar ENG"]
[Date "2010.01.30"]
[Round "5.21"]
[White "Sommerhalder, Eric"]
[Black "Ivanov, Stojan Emilov"]
[Result "0-1"]
[WhiteElo "1899"]
[BlackElo "2198"]
[PlyCount "80"]
[EventDate "2010.01.26"]
[EventType "swiss"]
[EventRounds "5"]
[EventCountry "ENG"]
[Source "lmi"]
[SourceDate "2010.01.26"]

1. d4 Nf6 2. c4 g6 3. Nc3 Bg7 4. e4 d6 5. Nf3 O-O 6. Be2 e5 7. d5 a5 8. Be3 Na6
9. Nd2 Ne8 10. f3 f5 11. a3 Nf6 12. Rb1 Nh5 13. Bf1 Bd7 14. b4 axb4 15. axb4
Qh4+ 16. Bf2 Qe7 17. Qb3 Kh8 18. Na2 Bh6 19. Qc2 Qg5 20. Nc1 Qxd2+ 21. Qxd2
Bxd2+ 22. Kxd2 fxe4 23. b5 exf3 24. g4 Bxg4 25. bxa6 bxa6 26. h3 Bf5 27. Bd3 e4
28. Bc2 Nf4 29. Be3 Ng2 30. Nb3 Rae8 31. h4 Bg4 32. Ra1 Kg7 33. Nd4 Bc8 34. Nc6
Rf5 35. Nb4 Nxe3 36. Kxe3 f2 37. Ke2 Rf4 38. Kf1 e3 39. Bd3 Bg4 40. Ra2 Bf3 0-1

[Event "Gibtelecom Festival 2010 - Challengers"]
[Site "Gibraltar ENG"]
[Date "2010.01.30"]
[Round "5.22"]
[White "Byron, Alan M"]
[Black "Bryn, Askild"]
[Result "1-0"]
[WhiteElo "2196"]
[BlackElo "2036"]
[PlyCount "83"]
[EventDate "2010.01.26"]
[EventType "swiss"]
[EventRounds "5"]
[EventCountry "ENG"]
[Source "lmi"]
[SourceDate "2010.01.26"]

1. d4 Nf6 2. c4 g6 3. Nc3 Bg7 4. e4 d6 5. g3 O-O 6. Bg2 e5 7. d5 Ne8 8. Nge2 f5
9. f3 Nf6 10. Bg5 Nbd7 11. Qd2 a5 12. h4 f4 13. gxf4 exf4 14. Bxf4 Ne5 15. Bxe5
dxe5 16. O-O-O Nh5 17. Kb1 Bd7 18. c5 Bf6 19. d6 c6 20. Bh3 Bxh3 21. Rxh3 Bxh4
22. Na4 Bf6 23. Nb6 Ra6 24. Nc4 Rf7 25. Rdh1 Bg7 26. Qc3 Qf6 27. Rd1 Ra8 28.
Nb6 Ra6 29. Qc4 Qd8 30. Qe6 Kf8 31. Nc4 Qd7 32. Qxd7 Rxd7 33. Nb6 Rd8 34. Ng3
Nf6 35. Nf1 Kg8 36. Ne3 Nd7 37. Nxd7 Rxd7 38. Nc4 h6 39. Rg3 Kf7 40. Rh3 g5 41.
Rdh1 Kg6 42. Rxh6+ 1-0

[Event "Gibtelecom Festival 2010 - Challengers"]
[Site "Gibraltar ENG"]
[Date "2010.01.30"]
[Round "5.23"]
[White "Martsynovskaya, Marina"]
[Black "McBeth, Michael J"]
[Result "1/2-1/2"]
[WhiteElo "2184"]
[BlackElo "2011"]
[PlyCount "48"]
[EventDate "2010.01.26"]
[EventType "swiss"]
[EventRounds "5"]
[EventCountry "ENG"]
[Source "lmi"]
[SourceDate "2010.01.26"]

1. e4 e5 2. Nc3 Nc6 3. Nf3 Nf6 4. d4 exd4 5. Nxd4 Bb4 6. Nxc6 bxc6 7. Bd3 d5 8.
exd5 cxd5 9. O-O O-O 10. Bg5 c6 11. h3 Be6 12. Ne2 Be7 13. Nd4 Qd7 14. Re1 c5
15. Nxe6 fxe6 16. Qe2 c4 17. Qxe6+ Qxe6 18. Rxe6 cxd3 19. Rxe7 dxc2 20. Bxf6
gxf6 21. Re2 Rac8 22. Rc1 Rfd8 23. Rexc2 Rxc2 24. Rxc2 Rd7 1/2-1/2

[Event "Gibtelecom Festival 2010 - Challengers"]
[Site "Gibraltar ENG"]
[Date "2010.01.30"]
[Round "5.24"]
[White "Haarr, Jon Kristian"]
[Black "Young, Mel J"]
[Result "1-0"]
[WhiteElo "2157"]
[BlackElo "1971"]
[PlyCount "69"]
[EventDate "2010.01.26"]
[EventType "swiss"]
[EventRounds "5"]
[EventCountry "ENG"]
[Source "lmi"]
[SourceDate "2010.01.26"]

1. e4 c5 2. d4 cxd4 3. c3 dxc3 4. Nxc3 Nc6 5. Nf3 d6 6. Bc4 e6 7. O-O a6 8. Qe2
Be7 9. Rd1 Bd7 10. h3 Rc8 11. Be3 b5 12. Bb3 h6 13. Nd4 Nxd4 14. Rxd4 Nf6 15.
Rad1 Qc7 16. f4 O-O 17. e5 dxe5 18. fxe5 Qxe5 19. Rxd7 Nxd7 20. Rxd7 Bb4 21.
Bd4 Qxe2 22. Nxe2 Rc6 23. Nf4 Rfc8 24. Nd3 Bd6 25. Kf2 Kf8 26. Ke3 Be7 27. Ra7
Bg5+ 28. Ke2 Rd8 29. Bc3 Be7 30. Ne5 Rcc8 31. Rxa6 b4 32. Bd2 Rd4 33. Nf3 Rd7
34. Rb6 Ke8 35. Ba4 1-0

[Event "Gibtelecom Festival 2010 - Challengers"]
[Site "Gibraltar ENG"]
[Date "2010.01.30"]
[Round "5.25"]
[White "Fegan, Chris"]
[Black "Pereira, Johnharry"]
[Result "0-1"]
[WhiteElo "2093"]
[BlackElo "1892"]
[PlyCount "58"]
[EventDate "2010.01.26"]
[EventType "swiss"]
[EventRounds "5"]
[EventCountry "ENG"]
[Source "lmi"]
[SourceDate "2010.01.26"]

1. d4 Nf6 2. Nf3 e6 3. e3 c5 4. Bd3 b6 5. O-O Bb7 6. Nbd2 cxd4 7. exd4 Be7 8.
Ne5 O-O 9. c3 d6 10. Ng4 Nbd7 11. f4 Qc7 12. c4 Nxg4 13. Qxg4 Bf6 14. f5 e5 15.
d5 Nc5 16. Bc2 a5 17. Qh3 Rfe8 18. Ne4 Nxe4 19. Bxe4 Qxc4 20. Qf3 Rac8 21. Be3
Qb5 22. g4 h6 23. Rf2 Rc7 24. Rd1 Rec8 25. Rg2 Bg5 26. Bxg5 hxg5 27. f6 Rc1 28.
Rgd2 Qb4 29. Qh3 Qxe4 0-1

[Event "Gibtelecom Festival 2010 - Challengers"]
[Site "Gibraltar ENG"]
[Date "2010.01.30"]
[Round "5.26"]
[White "Hamer, Martyn"]
[Black "Mlynek, Petr"]
[Result "1/2-1/2"]
[WhiteElo "2039"]
[BlackElo "2218"]
[PlyCount "75"]
[EventDate "2010.01.26"]
[EventType "swiss"]
[EventRounds "5"]
[EventCountry "ENG"]
[Source "lmi"]
[SourceDate "2010.01.26"]

1. d4 d5 2. Nf3 c6 3. c4 e6 4. Nc3 dxc4 5. e3 b5 6. a4 Bb4 7. Be2 Bb7 8. O-O a6
9. Ne5 Nd7 10. f4 Ngf6 11. Bd2 O-O 12. Bf3 Qc7 13. Nxb5 cxb5 14. Bxb4 Rfd8 15.
axb5 axb5 16. Qc2 Bxf3 17. Nxf3 Qb7 18. Rfd1 Nb6 19. Ba5 Ra6 20. Bxb6 Qxb6 21.
Rxa6 Qxa6 22. e4 Qb7 23. e5 Nd5 24. Qe4 Qa8 25. Ng5 g6 26. g4 Qa4 27. Rf1 Qb3
28. f5 exf5 29. gxf5 Qe3+ 30. Qxe3 Nxe3 31. fxg6 hxg6 32. Rf4 b4 33. Kf2 Nd1+
34. Ke2 Nxb2 35. Nxf7 Re8 36. d5 Nd3 37. Rxc4 Nxe5 38. Nxe5 1/2-1/2

[Event "Gibtelecom Festival 2010 - Challengers"]
[Site "Gibraltar ENG"]
[Date "2010.01.30"]
[Round "5.27"]
[White "Stanek, Stanislav"]
[Black "Byrn, Carsten"]
[Result "1/2-1/2"]
[WhiteElo "2007"]
[BlackElo "2171"]
[PlyCount "74"]
[EventDate "2010.01.26"]
[EventType "swiss"]
[EventRounds "5"]
[EventCountry "ENG"]
[Source "lmi"]
[SourceDate "2010.01.26"]

1. d4 Nf6 2. Bf4 g6 3. h3 Bg7 4. c3 O-O 5. e3 d5 6. Bd3 c5 7. Nd2 b6 8. Ngf3
Bb7 9. Qe2 Nbd7 10. Ba6 Qc8 11. Bxb7 Qxb7 12. Ne5 Nxe5 13. Bxe5 a5 14. a4 Rfe8
15. O-O Bf8 16. Qb5 Nd7 17. Bg3 e5 18. dxe5 Nxe5 19. Bxe5 Rxe5 20. Nf3 Re6 21.
Rad1 h6 22. Rd2 Rd6 23. Rfd1 Rad8 24. b3 Bg7 25. c4 d4 26. exd4 cxd4 27. c5 Rc6
28. b4 axb4 29. Qxb4 Rxc5 30. Rb2 Qd5 31. Qxb6 d3 32. Rbd2 Rc3 33. Qb5 Rb3 34.
Qxd5 Rxd5 35. Ne1 Ra3 36. Rxd3 Rdxd3 37. Rxd3 Rxa4 1/2-1/2

[Event "Gibtelecom Festival 2010 - Challengers"]
[Site "Gibraltar ENG"]
[Date "2010.01.30"]
[Round "5.28"]
[White "Skage, Oystein Aagedal"]
[Black "Navarro Perez, Manuel"]
[Result "1/2-1/2"]
[WhiteElo "1935"]
[BlackElo "2099"]
[PlyCount "110"]
[EventDate "2010.01.26"]
[EventType "swiss"]
[EventRounds "5"]
[EventCountry "ENG"]
[Source "lmi"]
[SourceDate "2010.01.26"]

1. e4 g6 2. d4 Bg7 3. f4 d6 4. Nf3 Nf6 5. Nc3 O-O 6. Bd3 c6 7. O-O Qb6 8. Na4
Qa5 9. c4 b5 10. cxb5 cxb5 11. Nc3 b4 12. Ne2 Bb7 13. Ng3 Qb6 14. h3 Nbd7 15.
Be3 e5 16. Qd2 exf4 17. Bxf4 Rfe8 18. Rae1 Ne5 19. Bc2 Nfd7 20. Be3 Nc4 21. Qf2
Nxe3 22. Qxe3 h6 23. Bb3 Re7 24. Kh1 Rae8 25. Qf4 Nf6 26. e5 Bxf3 27. exf6 Rxe1
28. fxg7 Kxg7 29. Qxf7+ Kh8 30. Qf6+ Kh7 31. Qf7+ Kh8 32. Qf6+ Kh7 33. Qxf3
Qxd4 34. Bf7 Rxf1+ 35. Qxf1 Re5 36. Be8 Rg5 37. Qf7+ Qg7 38. Ne4 Rf5 39. Qxg7+
Kxg7 40. Nxd6 Rd5 41. Nc4 Rd4 42. b3 Rd1+ 43. Kh2 Ra1 44. Na5 Rxa2 45. Ba4 h5
46. Kg3 g5 47. Kf3 a6 48. g3 Ra1 49. h4 g4+ 50. Ke4 Kf6 51. Nc6 Re1+ 52. Kf4
Rf1+ 53. Ke4 Rf3 54. Nxb4 Rxg3 55. Nxa6 Rh3 1/2-1/2

[Event "Gibtelecom Festival 2010 - Challengers"]
[Site "Gibraltar ENG"]
[Date "2010.01.30"]
[Round "5.29"]
[White "Jameson, David"]
[Black "Indrebo, Kyrre"]
[Result "1-0"]
[WhiteElo "2053"]
[BlackElo "1730"]
[PlyCount "61"]
[EventDate "2010.01.26"]
[EventType "swiss"]
[EventRounds "5"]
[EventCountry "ENG"]
[Source "lmi"]
[SourceDate "2010.01.26"]

1. e4 c5 2. Nf3 d6 3. Nc3 Nc6 4. d4 cxd4 5. Nxd4 g6 6. Be3 Nf6 7. f3 Bg7 8. Qd2
O-O 9. O-O-O Bd7 10. Kb1 Rc8 11. h4 h5 12. Nxc6 bxc6 13. Bc4 Qc7 14. Bh6 Rfd8
15. Qg5 e6 16. Bxg7 Kxg7 17. Rxd6 Qxd6 18. e5 Qe7 19. exf6+ Qxf6 20. Qe3 c5 21.
Ne4 Qd4 22. Qf4 f5 23. c3 Qxc4 24. Qe5+ Kg8 25. Nf6+ Kf7 26. Nh7 Rg8 27. Rd1
Ba4 28. b3 Bxb3 29. Rd7+ Ke8 30. Nf6+ Kf8 31. Qd6# 1-0

[Event "Gibtelecom Festival 2010 - Challengers"]
[Site "Gibraltar ENG"]
[Date "2010.01.30"]
[Round "5.30"]
[White "Seitz, Benjamin"]
[Black "Winkler, Stefan"]
[Result "1-0"]
[WhiteElo "2017"]
[BlackElo "1916"]
[PlyCount "85"]
[EventDate "2010.01.26"]
[EventType "swiss"]
[EventRounds "5"]
[EventCountry "ENG"]
[Source "lmi"]
[SourceDate "2010.01.26"]

1. d4 e6 2. Nf3 Nf6 3. e3 b6 4. Bd3 Bb7 5. Nbd2 d6 6. O-O Nbd7 7. c3 e5 8. e4
g6 9. Qe2 Bg7 10. b4 O-O 11. d5 Nh5 12. Nb3 Nf4 13. Qc2 a5 14. a4 axb4 15. cxb4
f5 16. Bxf4 exf4 17. Nbd4 fxe4 18. Bxe4 Qe7 19. Rac1 Rfc8 20. Rfe1 Ne5 21. Nxe5
Bxe5 22. Nf3 g5 23. Bf5 Bxd5 24. Nxe5 dxe5 25. Bxc8 Rxc8 26. Qc3 e4 27. a5 bxa5
28. bxa5 c6 29. Red1 Ra8 30. Qc5 Qe6 31. Qb6 f3 32. gxf3 exf3 33. Kh1 g4 34.
Rg1 h5 35. a6 h4 36. Rxg4+ Qxg4 37. Rg1 Qg2+ 38. Rxg2+ fxg2+ 39. Kg1 h3 40. a7
c5 41. Qxc5 Bf7 42. Qb5 Kg7 43. Qb8 1-0

[Event "Gibtelecom Festival 2010 - Challengers"]
[Site "Gibraltar ENG"]
[Date "2010.01.30"]
[Round "5.31"]
[White "Steinskog, Asbjorn Ottesen"]
[Black "Isherwood, Paul"]
[Result "0-1"]
[WhiteElo "1884"]
[BlackElo "2017"]
[PlyCount "100"]
[EventDate "2010.01.26"]
[EventType "swiss"]
[EventRounds "5"]
[EventCountry "ENG"]
[Source "lmi"]
[SourceDate "2010.01.26"]

1. Nf3 d6 2. d4 Nf6 3. g3 Nbd7 4. c4 e5 5. Nc3 c6 6. e4 Be7 7. Bg2 a6 8. a4 a5
9. h3 Qc7 10. Be3 O-O 11. O-O exd4 12. Nxd4 Nc5 13. Nb3 Nfd7 14. f4 Nxb3 15.
Qxb3 b6 16. Ne2 Ba6 17. Rac1 Bf6 18. Qc2 Rae8 19. g4 Bh4 20. Rfd1 Nc5 21. Nd4
g6 22. Nf3 Bf6 23. Nh2 Bg7 24. Nf1 Bb7 25. Rd2 Ne6 26. Rcd1 c5 27. Rxd6 Nd4 28.
Bxd4 Bxd4+ 29. R1xd4 cxd4 30. Rxd4 Qc5 31. Qf2 Rd8 32. Rxd8 Rxd8 33. Qxc5 bxc5
34. Kf2 Bc6 35. Ke3 Rb8 36. Bf3 Rb3+ 37. Ke2 Rxb2+ 38. Nd2 Ra2 39. Ke1 Ra1+ 40.
Kf2 Bxa4 41. e5 Bc2 42. Bd5 a4 43. Nf3 Ra2 44. Ng5 a3 45. Bxf7+ Kf8 46. Bd5 Ke7
47. Ke3 Rb2 48. f5 gxf5 49. gxf5 Bxf5 50. Ne4 Bxe4 0-1